000 01317 a2200205 4500
001 49326
005 20260407155756.0
008 260407a1980 arg spa d
003 AR-UNSa-BCEJYS
040 _aAR-UNSa-BCEJYS
_bspa
_cAR-UNSa-BCEJYS
080 _a336.226.1
_xImpuestos a las ganancias o los beneficios (Impuesto Diferido)
245 1 0 _aImpuesto a las ganancias
264 1 _aBuenos Aires :
_bCangallo
_c1980
300 _a491 p.
_c23 cm.
505 _a1. Esquema general de la imposición a la renta - 2. Concepto de ganancia - 3. Deducciones generales - 4. Ganancias de la primera categoría - 5. Ganancias de la segunda categoría - 6. Ganancias de la tercera categoría - 7. Ganancias de la tercera categoría (cont.) - 8. Ganancias de la tercera categoría (cont.) - 9. Ganancias de la cuarta categoría - 10. Atribuciones de los hechos imponibles a los sujetos pasivos - 11. Impuesto personal y progresivo a la ganancia neta imponible de las personas físicas y sucesivos indivisas - 12. Impuestos a la sociedades de capital - 13. Impuestos que integran el sistema de los impuestos a las ganancias - 14. Ajustes por inflación - 15. Regímenes de incentivos fiscales - 16. Casos prácticos.
041 _aspa
942 _cBK
590 _aniveau_biblio:m niveau_hierar:0
100 1 _aJarach, Dino
999 _c4797
_d4797